000 00826nam a2200301 a 4500
003 AR-BaBNM
005 20251128210513.0
008 082120s2002 ||||||||||||||000 | spa||
020 _a84-8063-021-3
040 _cAR-BaBNM
100 1 _aBartolomeis, Francesco de
245 0 0 _aEl color de los pensamientos y de los sentimientos
_bnueva experiencia de educación artística
250 _a1ª ed.
260 _aBarcelona
_bEdiciones Octaedro
_c1994
300 _a229 p.
_bil.
490 0 _aRecursos
650 4 _aEDUCACION ARTISTICA
650 4 _aARTES PLASTICAS
650 4 _aAPRECIACION ARTISTICA
650 4 _aPINTURA
650 4 _aESCULTURA
650 4 _aTECNICAS DIDACTICAS
650 4 _aACTIVIDADES
653 _aEDUCACION INICIAL
653 _aMETODOS EDUCATIVOS
942 _cBK
998 _cRAQUEL
999 _c15712
_d15712